Quiz o roku 2005 - Statystyki

Ogólne statystyki
  • Ten quiz został rozwiązany 24 razy
  • Średni wynik to 8 z 18
Statystyki odpowiedzi
Wskazówka Odpowiedź % Poprawnych
Papież, który zmarł po 26 latach panowania Jan Paweł II
95%
Kobieta, która rozpoczęła swoją 16-letnią kadencję jako kanclerz Niemiec Angela Merkel
86%
Strona internetowa, na której opublikowano pierwszy film zatytułowany „Me at the zoo” Youtube
81%
Firma, która wypuściła A380 – największy samolot pasażerski na świecie Airbus
71%
Huragan, który zniszczył Nowy Orlean Katrina
71%
Państwo, które ogłosiło, że posiada broń jądrową Korea Północna
62%
17-letni fenomen piłkarski, który strzelił swojego pierwszego gola dla Barcelony Lionel Messi
62%
Kolarz, który wygrał swój siódmy z rzędu Tour de France (*) Lance Armstrong
48%
Kobieta, która poślubiła księcia Karola Camilla Parker Bowles
43%
Karłowata planeta, która została odkryta i nazwana na cześć greckiej bogini niezgody Eris
38%
Aktorka, która rozwiodła się z Bradem Pittem Jennifer Aniston
38%
Raper, który nagrał piosenkę "Gold Digger" Kanye West
33%
Miasto, w którym 7 lipca w wyniku zamachów terrorystycznych zginęło 52 osoby Londyn
33%
Część ciała, którą francuscy chirurdzy przeszczepili podczas historycznej operacji Twarz
24%
Film o gejowskich kowbojach, który zadebiutował w kinach Tajemnica Brokeback Mountain
19%
Mockumentalny program telewizyjny, który zadebiutował w USA cztery lata po brytyjskiej wersji, na której się opierał Biuro
14%
Książka autorstwa Stephenie Meyer o nastolatce, która zakochuje się w wampirze Twilight
14%
Brytyjski program telewizyjny, w którym po raz pierwszy wystąpił David Tennant Doktor Who
5%
Nie znaleziono quizów pasujących do podanych kryteriów
Rozkład punktacji
Procent ludzi z każdym wynikiem
Percentyl według liczby udzielonych odpowiedzi
Twoja historia wyników
Nie rozwiązałeś tego quizu